| Tag |
First Indicator |
Second Indicator |
Subfields |
| LEADER |
00000cam a2200000 4500 |
| 001 |
in00000047757 |
| 005 |
20151007075518.0 |
| 008 |
761201s1916 oncab 00000 eng |
| 010 |
|
|
|a gs 17000192
|
| 035 |
|
|
|a (OCoLC)02588861
|
| 035 |
|
|
|9 AAF3338AM
|
| 040 |
|
|
|a DLC
|c TLM
|d TXA
|d UtOrBLW
|
| 049 |
|
|
|a TXAM
|c [101970]
|
| 050 |
0 |
0 |
|a TC426
|b .A5 1916a
|
| 092 |
|
|
|a 621.20971
|b C212wa
|
| 110 |
1 |
|
|a Canada.
|b Commission of Conservation.
|
| 245 |
1 |
0 |
|a Water-powers of Manitoba, Saskatchewan and Alberta /
|c by Leo G. Denis ... Additional data respecting water-powers of southern Manitoba and Bow River, by J. B. Challies ...
|
| 264 |
|
1 |
|a Toronto :
|b Warwick Bros. & Rutter,
|c 1916.
|
| 300 |
|
|
|a 334 pages :
|b illustrations, maps (part folded) diagrams
|
| 336 |
|
|
|a text
|b txt
|2 rdacontent
|
| 337 |
|
|
|a unmediated
|b n
|2 rdamedia
|
| 338 |
|
|
|a volume
|b nc
|2 rdacarrier
|
| 500 |
|
|
|a Folded maps in portfolio.
|
| 650 |
|
0 |
|a Water-power
|z Canada.
|
| 650 |
|
0 |
|a Electric power-plants
|z Canada.
|
| 700 |
1 |
|
|a Denis, Leo Germain,
|d 1878-
|
| 700 |
1 |
|
|a Challies, John Bow,
|d 1881-
|
| 999 |
|
|
|a MARS
|
| 999 |
f |
f |
|s a6351e39-074c-3fcb-8814-df5a54bb52c9
|i 66f28759-647b-3215-9b56-5410a785a6c0
|t 0
|
| 952 |
f |
f |
|p ric
|a Texas A&M University
|b Rellis Campus
|c Joint Library Facility
|d Remote Storage
|t 0
|e TC426 .A5 1916a
|h Library of Congress classification
|i unmediated -- volume
|m A14801033493
|
| 998 |
f |
f |
|a TC426 .A5 1916a
|t 0
|l Remote Storage
|